| 000 | 005280000a22001930004500 | ||
|---|---|---|---|
| 003 | LK-CoMWRAF | ||
| 005 | 20231206152800.0 | ||
| 008 | 230817t2000 ||||| |||| 00| 0 eng d | ||
| 020 | _a0953886204 | ||
| 040 |
_aLK-CoMWRAF _dLK-CoMWRAF _eLK-CoMWRAF |
||
| 041 | _aeng | ||
| 082 |
_a726.2 _bGAI |
||
| 100 | _aGailani, Fatima | ||
| 245 | _aThe Mosques of London | ||
| 260 |
_aHenstridge: _bElm Grove Books, _c2000 |
||
| 300 |
_a142 p. : color ill. ; 29 cm _bGlossary and index included |
||
| 650 | _aMOSQUES-London | ||
| 942 | _cBK | ||
| 999 |
_c1322 _d1322 |
||